Statistics for All queens and presidents of Floptropica

Click here to take the quiz!

General Stats

  • This quiz has been taken 17 times
  • The average score is 2 of 5

Answer Stats

Reign Duration/Duration✨Answer🥰% Correct
2003-PresentJiafei
85%
2003-Present (President)Deborah ali williams
77%
1976-1988Cupcakkina
38%
1728-1948Jiafiana
8%
1543-1705Xijemomoussy
8%

Score Distribution

Percentile by Number Answered

Percent of People with Each Score

Your Score History

You have not taken this quiz